000 00516nam a22002057a 4500
001 22829
003 BD-RjUL
005 20211209000847.0
008 140309s1790 un |||| |||| 000 0 eng d
035 _a(BD-RjUL)22894
040 _aBD-RjUL
_beng
_cBD-RjUL
041 _aeng
082 0 4 _a813.4
_bHEW 1970
100 1 _aHenry, James
_970392
245 0 _aWhat Maise knew /
_cHenry James
260 _aClifton, N.J :
_b Kelley,
_c1970
300 _a148p. ;
_c21cm.
650 0 _aMaise knew
_970393
942 _2ddc
_cBK
999 _c22829
_d22829